书目信息 |
| 题名: |
万达工作法
|
|
| 作者: | ;万达集团企业文化中心 编写 | |
| 分册: | ||
| 出版信息: | 北京 中信出版集团 2015.09 |
|
| 页数: | 192页 | |
| 开本: | 24cm | |
| 丛书名: | ||
| 单 册: | ||
| 中图分类: | F299.273.13 | |
| 科图分类: | ||
| 主题词: | 城市经济 , 市政经济 | |
| 电子资源: | ||
| ISBN: | 7-5086-5361-0 | |
| 000 | 00678nam0 2200205 450 | |
| 001 | 1656115077 | |
| 005 | 20160405153653.18 | |
| 010 | @a7-5086-5361-0@dCNY35.00 | |
| 100 | @a20160405d2015 km y0chiy0120 ea | |
| 101 | 0 | @achi |
| 102 | @aCN@b110000 | |
| 200 | 1 | @a万达工作法@Awan da gong zuo fa@f万达集团企业文化中心编写@Fwan da ji tuan qi ye wen hua zhong xin bian xie |
| 210 | @a北京@c中信出版集团@d2015.09 | |
| 215 | @a192页@d24cm | |
| 606 | 0 | @a城市经济 |
| 606 | 0 | @a市政经济 |
| 690 | @aF299.273.13@v4 | |
| 711 | 02 | @a万达集团企业文化中心@Awan da ji tuan qi ye wen hua zhong xin@4编写 |
| 801 | 0 | @aCN@b大连网信软件有限公司图书馆·11@c20160405 |
| 905 | @aZUCC@dF299.273.13@eW031 | |
| 万达工作法/万达集团企业文化中心编写.-北京:中信出版集团,2015.09 |
| 192页;24cm |
| ISBN 7-5086-5361-0:CNY35.00 |
| ● |
| 相关链接 |
|
|
|
正题名:万达工作法
索取号:F299.273.13/W031
 
预约/预借
| 序号 | 登录号 | 条形码 | 馆藏地/架位号 | 状态 | 备注 |
| 1 | 1222485 | 212224859 | 社科库409/409社科库 31排6列4层/ [索取号:F299.273.13/W031] | 在馆 |